[Event "42nd Olympiad 2016"]
[Site "Baku AZE"]
[Date "2016.09.10"]
[Round "8.79"]
[Board "4"]
[White "Woodley, Adrian"]
[Black "Mziyako, Sobhi"]
[Result "1/2-1/2"]
[WhiteElo "1322"]
[BlackElo "1447"]
[WhiteTeam "Bermuda"]
[BlackTeam "Swaziland"]
[WhiteFideId "8800898"]
[BlackFideId "20700059"]
[EventDate "2016.09.02"]

1. e4 c5 2. Nf3 Nc6 3. d4 cxd4 4. Nxd4 Nf6 5. Nc3 e6 6. Bg5 Be7 7. Be2 a6 8. O-O
O-O 9. Qd2 Qb6 10. Nb3 d6 11. Be3 Qc7 12. f4 b6 13. a3 Bb7 14. Kh1 Rfd8 15. Bd3
d5 16. exd5 Nxd5 17. Nxd5 Rxd5 18. Qf2 b5 19. Rad1 Qd7 20. Rd2 Bf6 21. Rfd1 Bxb2
22. c4 bxc4 23. Bxc4 Rxd2 24. Rxd2 Qe7 25. Rxb2 Qxa3 26. Bc5 Qa4 27. Qe2 Nd8 28.
Be7 Qd7 29. Bxd8 Rxd8 30. Rd2 Qc7 31. Rxd8+ Qxd8 32. Nc5 Bc8 33. Bxa6 Qd4 34.
Nb3 Qb4 35. Bxc8 Qxb3 36. Ba6 Qa3 37. h3 h5 38. Kh2 h4 39. Qd3 Qe7 40. Bb5 g6
41. Qd7 Qf6 42. Qc7 Kf8 43. Qe5 Kg7 44. Kg1 g5 45. Qxf6+ Kxf6 46. fxg5+ Kxg5 47.
Kf2 Kf4 48. Bc6 e5 49. Bd5 f6 50. Bc4 f5 51. Bd5 e4 52. Bc6 Ke5 53. g3 hxg3+ 54.
Kxg3 f4+ 55. Kf2 Kf5 56. Ke2 Kg5 57. Bxe4 Kh4 58. Bf5 Kg3 59. Kf1 f3 60. Be6 Kf4
61. Kf2 Ke5 62. Bg4 Kf4 63. Bxf3 Kg5 64. Kg3 Kf5 65. Be4+ Kg5 66. h4+ Kh5 67.
Bf5 Kh6 68. Kg4 Kg7 69. Kg5 Kh8 70. Kf6 Kg8 71. Be6+ Kh7 72. h5 Kh6 73. Bf7 Kh7
74. Bg6+ Kh8 75. h6 Kg8 76. h7+ Kh8 77. Kf7 1/2-1/2

[Event "42nd Olympiad 2016"]
[Site "Baku AZE"]
[Date "2016.09.10"]
[Round "8.80"]
[Board "1"]
[White "Sanon, Mondoly"]
[Black "Li, Hui"]
[Result "1/2-1/2"]
[BlackTitle "CM"]
[WhiteElo "2036"]
[BlackElo "1964"]
[WhiteTeam "Haiti"]
[BlackTeam "Macau"]
[WhiteFideId "11900059"]
[BlackFideId "15400310"]
[EventDate "2016.09.02"]

1. d4 d5 2. c4 c6 3. Nc3 Nf6 4. Nf3 e6 5. Bg5 h6 6. Bh4 dxc4 7. e4 g5 8. Bg3 b5
9. Be5 Nbd7 10. h4 g4 11. Nh2 Nxe5 12. dxe5 Nd7 13. Nxg4 Be7 14. f4 Bxh4+ 15.
Ke2 h5 16. Ne3 Be7 17. g4 h4 18. Kf3 Nc5 19. Qc2 Bb7 20. Rd1 Qc7 21. g5 b4 22.
Nb1 Nxe4 23. Kg4 Ng3 24. Rxh4 Rxh4+ 25. Kxh4 Nxf1 26. Rxf1 O-O-O 27. Nxc4 Kb8
28. Rd1 c5 29. Rxd8+ Qxd8 30. Qf2 Qd3 31. Nbd2 Kc7 32. Kg4 Qf5+ 33. Kg3 Qd3+ 34.
Qe3 Qd5 35. Qf3 Qd4 36. Qe3 Qd5 37. Qf3 Ba6 38. b3 Bb7 39. Kg4 Qd4 40. Qe3 Qd5
41. Qf3 1/2-1/2

[Event "42nd Olympiad 2016"]
[Site "Baku AZE"]
[Date "2016.09.10"]
[Round "8.80"]
[Board "2"]
[White "Ip, Seng Tou"]
[Black "Luxama, Jacques Muller"]
[Result "1/2-1/2"]
[BlackTitle "CM"]
[WhiteElo "1675"]
[BlackElo "2024"]
[WhiteTeam "Macau"]
[BlackTeam "Haiti"]
[WhiteFideId "15400352"]
[BlackFideId "11900113"]
[EventDate "2016.09.02"]

1. e4 e6 2. d4 d5 3. exd5 exd5 4. Nf3 Nf6 5. Bg5 Bg4 6. h3 Bh5 7. Be2 Bd6 8. O-O
Nbd7 9. Nbd2 c6 10. c3 O-O 11. Bd3 Qc7 12. Qc2 Bf4 13. Bxf4 Qxf4 14. Rfe1 Rfe8
15. Nh2 Bg6 16. Bxg6 hxg6 17. Nhf1 Nf8 18. Ng3 N8h7 19. Nf3 Ng5 20. Nxg5 Qxg5
21. Rad1 Qf4 22. Qc1 Qh4 23. Rd3 Rxe1+ 24. Qxe1 Re8 25. Re3 Kf8 26. Rxe8+ Nxe8
27. Qe3 Qe7 28. Qxe7+ Kxe7 29. Kf1 Nd6 30. Ke2 b6 31. Nf1 Nf5 32. Ne3 Nxe3 33.
Kxe3 g5 34. Kf3 f5 35. g4 g6 36. Kg3 Kf6 37. Kf3 Ke6 38. Ke3 f4+ 39. Kf3 Kf6 40.
Ke2 Ke6 41. Kd3 Kd6 42. Kc2 c5 43. Kb3 Kc6 44. Kc2 a6 45. Kd3 c4+ 46. Kc2 b5 47.
f3 a5 48. a3 1/2-1/2

[Event "42nd Olympiad 2016"]
[Site "Baku AZE"]
[Date "2016.09.10"]
[Round "8.80"]
[Board "3"]
[White "Pierre, Jn Claude"]
[Black "Ieong, Seak Hin"]
[Result "0-1"]
[WhiteElo "1912"]
[BlackElo "1841"]
[WhiteTeam "Haiti"]
[BlackTeam "Macau"]
[WhiteFideId "11900253"]
[BlackFideId "15400344"]
[EventDate "2016.09.02"]

1. d4 Nf6 2. c4 e5 3. d5 Bb4+ 4. Bd2 Bxd2+ 5. Nxd2 O-O 6. e4 d6 7. Be2 Nbd7 8.
Ngf3 Nc5 9. Qc2 Nh5 10. b4 Nd7 11. g3 g6 12. Nh4 Ng7 13. Bd3 c6 14. O-O cxd5 15.
cxd5 Nb6 16. Rfc1 f5 17. a4 fxe4 18. Bxe4 Nf5 19. Ndf3 Bd7 20. a5 Rc8 21. Qd3
Na8 22. Qd2 Nc7 23. Nxf5 Bxf5 24. Bxf5 Rxf5 25. Nh4 Rf7 26. Rc2 Nb5 27. Rxc8
Qxc8 28. Rc1 Rc7 29. Rxc7 Qxc7 30. f4 Qc3 31. Qxc3 Nxc3 32. fxe5 Nxd5 33. exd6
Nxb4 34. Nf3 Nc6 35. d7 Kf8 36. Ng5 h6 37. Ne4 Ke7 38. a6 bxa6 39. Nc5 a5 40.
Kf2 Kd6 41. d8=Q+ Nxd8 42. Na4 Kd5 43. Ke2 Ne6 44. Kd2 Nc5 45. Nc3+ Kc4 46. Kc2
a6 47. g4 Kd4 48. h4 Ke5 49. Ne2 Ke4 50. g5 h5 51. Kc3 Kf3 52. Nd4+ Kg4 53. Kc4
Nb7 54. Kd3 Kxh4 55. Nf3+ Kg4 56. Ke3 a4 57. Nd2 Kxg5 58. Nc4 h4 59. Kf3 Nc5 60.
Kg2 Kf4 61. Na3 g5 62. Nc4 g4 63. Kh2 h3 64. Na3 Kf3 65. Nc4 Ne4 66. Ne5+ Kf4
67. Nc4 Ng5 68. Nb2 Nf3+ 69. Kh1 g3 70. Nd3+ Ke3 71. Nf4 g2+ 0-1

[Event "42nd Olympiad 2016"]
[Site "Baku AZE"]
[Date "2016.09.10"]
[Round "8.80"]
[Board "4"]
[White "Mak, Kei Keng"]
[Black "Bazil, Joslin"]
[Result "1/2-1/2"]
[WhiteElo "1977"]
[BlackElo "1878"]
[WhiteTeam "Macau"]
[BlackTeam "Haiti"]
[WhiteFideId "15400115"]
[BlackFideId "11900032"]
[EventDate "2016.09.02"]

1. Nf3 d5 2. e3 Bg4 3. b3 Nf6 4. Bb2 e6 5. Be2 Be7 6. d3 c5 7. Nbd2 O-O 8. h3
Bh5 9. g4 Bg6 10. g5 Nfd7 11. h4 Bh5 12. Nf1 Nc6 13. Ng3 Bg4 14. Nh2 Bxe2 15.
Qxe2 d4 16. f4 Qc7 17. Rg1 Nb6 18. f5 Bd6 19. Nhf1 dxe3 20. O-O-O Be5 21. c3 Nd5
22. f6 g6 23. Ne4 Qa5 24. Nxe3 Bf4 25. Kb1 Nxe3 26. Rde1 Nf5 27. h5 Rad8 28. Qf3
Be5 29. Rh1 Rd7 30. Rh3 Rfd8 31. hxg6 fxg6 32. Reh1 Rf7 33. Nf2 Bxc3 34. Qe4
Ncd4 35. Rxh7 Rxh7 36. Rxh7 Kxh7 37. Qxb7+ Kg8 38. Ng4 Rf8 39. Nh6+ Kh8 40. Nf7+
Kh7 41. Nh6+ Kh8 42. Nf7+ Kh7 43. Nh6+ Kh8 44. Nf7+ Kg8 45. Nh6+ 1/2-1/2

[Event "42nd Olympiad 2016"]
[Site "Baku AZE"]
[Date "2016.09.10"]
[Round "8.81"]
[Board "1"]
[White "Rossini, Paul"]
[Black "Fancy, Stuart"]
[Result "0-1"]
[BlackTitle "FM"]
[WhiteElo "1692"]
[BlackElo "1995"]
[WhiteTeam "San Marino"]
[BlackTeam "Papua New Guinea"]
[WhiteFideId "11800020"]
[BlackFideId "9100024"]
[EventDate "2016.09.02"]

1. e4 c5 2. Bc4 Nc6 3. a3 d6 4. Nc3 Nf6 5. d3 g6 6. f4 Bg7 7. Nf3 a6 8. O-O Nd4
9. h3 O-O 10. Nxd4 cxd4 11. Nd5 Nxd5 12. Bxd5 e6 13. Bb3 Bd7 14. Qe2 a5 15. a4
b5 16. Rf3 bxa4 17. Bxa4 Bxa4 18. Rxa4 Qd7 19. b3 Rfc8 20. g4 Rc5 21. Ra2 Rac8
22. Rf2 Bh6 23. Bb2 e5 24. Ba3 Rc3 25. g5 Bg7 26. f5 a4 27. b4 gxf5 28. exf5 Qb5
29. f6 Bf8 30. Qe4 Qc6 31. Qf5 Qd5 32. Ra1 Rxc2 33. Rxc2 Rxc2 34. Qe4 Qe6 35.
Qf3 Qb3 36. Qd1 e4 37. Rb1 Qa2 38. Qf1 Qxa3 39. h4 exd3 40. Qf3 Rc1+ 41. Rxc1
Qxc1+ 42. Kg2 d2 0-1

[Event "42nd Olympiad 2016"]
[Site "Baku AZE"]
[Date "2016.09.10"]
[Round "8.81"]
[Board "2"]
[White "Jones, Rupert"]
[Black "Grassi, Enrico"]
[Result "1/2-1/2"]
[WhiteTitle "FM"]
[BlackTitle "FM"]
[WhiteElo "1851"]
[BlackElo "2049"]
[WhiteTeam "Papua New Guinea"]
[BlackTeam "San Marino"]
[WhiteFideId "9100121"]
[BlackFideId "11800046"]
[EventDate "2016.09.02"]

1. e4 d5 2. exd5 Qxd5 3. Nc3 Qa5 4. Bc4 Nf6 5. d3 c6 6. Bd2 Bf5 7. Qe2 e6 8. h3
Nbd7 9. g4 Bg6 10. h4 h6 11. Nd5 Qd8 12. Nf4 Bh7 13. g5 hxg5 14. hxg5 Bxd3 15.
Rxh8 Bxe2 16. gxf6 Qxf6 17. Ngxe2 Qxb2 18. Bc3 Qxc2 19. Bd3 Qa4 20. Bxg7 O-O-O
21. Bc3 Bd6 22. Rxd8+ Kxd8 23. Ng2 Nc5 24. Bb1 b5 25. Ne3 Qh4 26. Bc2 b4 27. Bb2
a5 28. Rd1 Kc7 29. Rd4 Qh1+ 30. Kd2 Be5 31. Rc4 Bxb2 32. Rxc5 Kb6 33. Rg5 Qh4 1/2-1/2

[Event "42nd Olympiad 2016"]
[Site "Baku AZE"]
[Date "2016.09.10"]
[Round "8.81"]
[Board "3"]
[White "Maccapani, Massimiliano"]
[Black "Marko, Helmut"]
[Result "1/2-1/2"]
[WhiteTitle "CM"]
[BlackTitle "CM"]
[WhiteElo "1971"]
[BlackElo "1939"]
[WhiteTeam "San Marino"]
[BlackTeam "Papua New Guinea"]
[WhiteFideId "11800089"]
[BlackFideId "9100032"]
[EventDate "2016.09.02"]

1. d4 g6 2. c4 Bg7 3. Nc3 c5 4. d5 d6 5. e4 e5 6. Be2 Nd7 7. Nf3 Ne7 8. O-O O-O
9. Ne1 a6 10. Rb1 Qc7 11. Nd3 Rb8 12. a4 b6 13. Be3 f5 14. f3 Nf6 15. b4 Bd7 16.
Kh1 Qd8 17. Nf2 f4 18. Bd2 g5 19. bxc5 bxc5 20. Rxb8 Qxb8 21. Qb1 Qc7 22. Qc2
Rb8 23. Rb1 Rb7 24. Rxb7 Qxb7 25. Bd1 Bf8 26. Qb3 Qxb3 27. Bxb3 Kf7 28. Kg1 Nc8
29. Kf1 h5 30. Ke2 Be7 31. Kd3 Bd8 32. Ncd1 g4 33. Nb2 Kg6 34. Ke2 h4 35. fxg4
Nxg4 1/2-1/2

[Event "42nd Olympiad 2016"]
[Site "Baku AZE"]
[Date "2016.09.10"]
[Round "8.84"]
[Board "1"]
[White "Maharjan, Sajin"]
[Black "Meshkov, Yuri A."]
[Result "0-1"]
[BlackTitle "IM"]
[WhiteElo "2034"]
[BlackElo "2354"]
[WhiteTeam "Nepal"]
[BlackTeam "IBCA"]
[WhiteFideId "12301906"]
[BlackFideId "4107101"]
[EventDate "2016.09.02"]

1. e4 d5 2. exd5 Qxd5 3. Nc3 Qd6 4. Nf3 Nf6 5. d4 a6 6. h3 b6 7. Be2 Bb7 8. a3
e6 9. Be3 Nc6 10. Qd2 Rd8 11. Rd1 Be7 12. O-O O-O 13. Bf4 Qd7 14. Qe3 Qc8 15.
Rfe1 Rfe8 16. Ne5 b5 17. Bf3 Nxe5 18. Bxe5 Nd7 19. Bxb7 Qxb7 20. Qe4 Qxe4 21.
Nxe4 f5 22. Nc3 Nxe5 23. dxe5 Bc5 24. Ne2 g5 25. g3 Kf7 26. Kg2 Ke7 27. c3 Bb6
28. Kf3 c5 29. Nc1 c4 30. Ke2 h5 31. f3 f4 32. gxf4 gxf4 33. Kf1 Be3 34. Na2 a5
35. Nc1 Rg8 36. Ne2 Rd3 37. Nd4 Rg1+ 38. Ke2 Rg2+ 39. Kf1 Rf2+ 40. Kg1 0-1

[Event "42nd Olympiad 2016"]
[Site "Baku AZE"]
[Date "2016.09.10"]
[Round "8.84"]
[Board "2"]
[White "Babarykin, Stanislav"]
[Black "Niraula, Bhupendra"]
[Result "1-0"]
[WhiteTitle "FM"]
[BlackTitle "CM"]
[WhiteElo "2339"]
[BlackElo "2071"]
[WhiteTeam "IBCA"]
[BlackTeam "Nepal"]
[WhiteFideId "4101898"]
[BlackFideId "12300128"]
[EventDate "2016.09.02"]

1. e4 c5 2. Nf3 e6 3. g3 Nc6 4. Bg2 Nf6 5. Qe2 Be7 6. e5 Nd5 7. c4 Nb6 8. O-O d6
9. exd6 Qxd6 10. Nc3 a6 11. d3 Qd8 12. Be3 Nd4 13. Bxd4 cxd4 14. Ne4 O-O 15.
Rac1 f5 16. Ned2 Bf6 17. Ne5 Na4 18. Ndf3 Qb6 19. Qc2 Nc5 20. h4 a5 21. Rfe1 Qd8
22. b3 Ra6 23. a3 Nd7 24. c5 Nxe5 25. Nxe5 f4 26. Qc4 fxg3 27. fxg3 Qc7 28. Qxd4
Rd8 29. Qf4 Bxe5 30. Qxe5 Qxe5 31. Rxe5 Rxd3 32. Bf1 Rxg3+ 33. Kf2 Rxb3 34. Bxa6
bxa6 35. c6 Kf7 36. Re3 Rb2+ 37. Re2 Rb3 38. Rd2 Ke7 39. c7 Rxa3 40. Rd8 Ra2+
41. Kg1 Bb7 42. Rb8 1-0

[Event "42nd Olympiad 2016"]
[Site "Baku AZE"]
[Date "2016.09.10"]
[Round "8.84"]
[Board "3"]
[White "Bhandari, Kshitiz"]
[Black "Stachanczyk, Jacek"]
[Result "1-0"]
[BlackTitle "IM"]
[WhiteElo "2013"]
[BlackElo "2192"]
[WhiteTeam "Nepal"]
[BlackTeam "IBCA"]
[WhiteFideId "12310654"]
[BlackFideId "1116657"]
[EventDate "2016.09.02"]

1. Nf3 g6 2. e4 c5 3. d4 cxd4 4. Nxd4 Nf6 5. Nc3 d6 6. Bc4 Bg7 7. f3 O-O 8. Be3
Nc6 9. Qd2 Bd7 10. O-O-O Rc8 11. Bb3 Nxd4 12. Bxd4 b5 13. a3 a5 14. Nd5 Nxd5 15.
Bxg7 Kxg7 16. Bxd5 Qb6 17. h4 h5 18. Bb3 Rc5 19. Kb1 b4 20. a4 Rfc8 21. Qd4+ Kg8
22. g4 Qc6 23. gxh5 Rxh5 24. Rdg1 Kf8 25. Rg5 e5 26. Qd2 Rh7 27. f4 Qxe4 28.
Qxd6+ Kg7 29. Rc1 Bf5 30. Qe7 Kg8 31. fxe5 Rg7 32. h5 Kh7 33. Rgg1 Bg4 34. hxg6+
fxg6 35. Qh4+ 1-0

[Event "42nd Olympiad 2016"]
[Site "Baku AZE"]
[Date "2016.09.10"]
[Round "8.84"]
[Board "4"]
[White "Mueller, Oliver"]
[Black "Shrestha, Bilam Lal"]
[Result "1-0"]
[WhiteTitle "FM"]
[BlackTitle "FM"]
[WhiteElo "2272"]
[BlackElo "2017"]
[WhiteTeam "IBCA"]
[BlackTeam "Nepal"]
[WhiteFideId "4633385"]
[BlackFideId "12300047"]
[EventDate "2016.09.02"]

1. d4 Nf6 2. c4 e6 3. g3 c5 4. d5 exd5 5. cxd5 d6 6. Bg2 Be7 7. Nc3 O-O 8. Nf3
a6 9. a4 Re8 10. O-O Bf8 11. Nd2 Nbd7 12. Nc4 Ne5 13. Nxe5 Rxe5 14. e4 Re8 15.
Re1 Nd7 16. h3 b6 17. f4 f6 18. Kh2 Rb8 19. Bf1 g6 20. Bd2 Bg7 21. Qf3 Qc7 22.
Bc4 Nf8 23. Qf1 Ra8 24. Qf3 Qd7 25. g4 Qf7 26. Rf1 Ra7 27. Rae1 Rae7 28. e5 fxe5
29. f5 gxf5 30. gxf5 e4 31. Nxe4 Qxf5 32. Qxf5 Bxf5 33. Nxd6 Rxe1 34. Bxe1 Be5+
35. Bg3 Bxd6 36. Bxd6 Bd7 37. Bxa6 Bxa4 38. Bd3 Bb3 39. Bxf8 Rxf8 40. Bxh7+ Kg7
41. Rxf8 Kxf8 42. d6 c4 43. h4 b5 44. h5 Bd1 45. h6 Bg4 46. Kg3 Bd7 47. Kf4 b4
48. Ke5 c3 49. bxc3 bxc3 50. Kf6 c2 51. Bxc2 Kg8 52. Ke7 Bb5 53. Bd3 Ba4 54. Bc2
Bb5 55. Bd3 Ba4 56. Bc2 Bb5 57. Bf5 Kh8 58. Bd7 Bd3 59. Bc6 Bf5 60. Bd5 1-0

[Event "42nd Olympiad 2016"]
[Site "Baku AZE"]
[Date "2016.09.10"]
[Round "8.85"]
[Board "1"]
[White "Kongsee, Uaychai"]
[Black "Yarmonov, Igor"]
[Result "1-0"]
[WhiteTitle "FM"]
[BlackTitle "IM"]
[WhiteElo "2285"]
[BlackElo "2398"]
[WhiteTeam "Thailand"]
[BlackTeam "IPCA"]
[WhiteFideId "6200346"]
[BlackFideId "14114496"]
[EventDate "2016.09.02"]

1. f4 d5 2. Nf3 c5 3. g3 Nc6 4. Bg2 Bg4 5. O-O Qd7 6. Nc3 e6 7. d3 Nge7 8. h3
Bxf3 9. Bxf3 Nf5 10. Kh2 d4 11. Ne4 Be7 12. c3 O-O 13. Bd2 Rac8 14. Rc1 Ne3 15.
Bxe3 dxe3 16. Bg2 h6 17. g4 f5 18. gxf5 exf5 19. Ng3 Bd6 20. Qa4 Kh8 21. Kh1 Qe7
22. Rf3 Qh4 23. Nf1 Rce8 24. Qc4 g5 25. fxg5 Qxc4 26. dxc4 hxg5 27. Rd1 Bf4 28.
Nh2 Ne5 29. Rff1 Nxc4 30. Rd7 b5 31. Nf3 a5 32. Rd5 Rc8 33. Nh4 gxh4 34. Rxf4
Nxb2 35. Rd7 1-0

[Event "42nd Olympiad 2016"]
[Site "Baku AZE"]
[Date "2016.09.10"]
[Round "8.85"]
[Board "2"]
[White "Obodchuk, Andrei"]
[Black "Teerapabpaisit, Wisuwat"]
[Result "0-1"]
[WhiteTitle "IM"]
[BlackTitle "FM"]
[WhiteElo "2402"]
[BlackElo "2248"]
[WhiteTeam "IPCA"]
[BlackTeam "Thailand"]
[WhiteFideId "4114310"]
[BlackFideId "6200176"]
[EventDate "2016.09.02"]

1. e4 c5 2. Nf3 e6 3. d4 cxd4 4. Nxd4 a6 5. Bd3 Bc5 6. Nb3 Ba7 7. Nc3 Nc6 8. Qe2
d6 9. Be3 Bxe3 10. Qxe3 Nf6 11. Rg1 b5 12. g4 b4 13. Ne2 e5 14. g5 Nd7 15. Ng3
g6 16. O-O-O Qc7 17. Be2 a5 18. Nd2 Nd4 19. Nc4 O-O 20. Rxd4 exd4 21. Qxd4 Qc5
22. Qxd6 Qxf2 23. Rf1 Qc5 24. Qd2 Ne5 25. Qd5 Qxd5 26. exd5 Nxc4 27. Bxc4 Ba6
28. Bxa6 Rxa6 29. Ne4 Rd8 30. Rd1 Kf8 31. c4 bxc3 32. bxc3 Rb6 33. d6 Rdb8 34.
Rd4 Rb1+ 35. Kd2 R1b2+ 36. Ke3 Rxa2 37. Nf6 Rd8 38. c4 Rc2 39. Re4 Rc1 40. Kf2
Kg7 41. Ke2 Rc2+ 42. Kd3 Rc1 43. Kd2 Rg1 44. Rd4 Rxg5 45. Ne4 Rg4 46. c5 f5 47.
c6 Rxe4 48. Rd3 Rc4 49. c7 Rd7 0-1

[Event "42nd Olympiad 2016"]
[Site "Baku AZE"]
[Date "2016.09.10"]
[Round "8.85"]
[Board "3"]
[White "Kulpruethanon, Thanadon"]
[Black "Scerbin, Dmitrij"]
[Result "1-0"]
[WhiteTitle "CM"]
[BlackTitle "IM"]
[WhiteElo "2235"]
[BlackElo "2347"]
[WhiteTeam "Thailand"]
[BlackTeam "IPCA"]
[WhiteFideId "6201610"]
[BlackFideId "4118464"]
[EventDate "2016.09.02"]

1. Nf3 Nf6 2. g3 g6 3. b3 Bg7 4. Bb2 c5 5. Bg2 Nc6 6. c4 d6 7. d4 cxd4 8. Nxd4
Bd7 9. O-O h5 10. Nc3 h4 11. Nd5 Ne5 12. Nf3 hxg3 13. Nxe5 gxh2+ 14. Kh1 dxe5
15. Bxe5 O-O 16. Qd4 Bc6 17. Rad1 Bxd5 18. cxd5 Ne8 19. Bxg7 Nxg7 20. e4 Qa5 21.
f4 Rac8 22. Rd3 Rc2 23. f5 Qc5 24. Qxc5 Rxc5 25. Rg3 gxf5 26. Rxf5 f6 27. Rh5
Rc1+ 28. Kxh2 Rc2 29. Kg1 Rfc8 30. Rh4 R8c3 31. Rg6 Kf7 32. Rgg4 Kg8 33. Rh6 Rc7
34. Rhg6 e5 35. dxe6 Re7 36. Rxf6 Rc6 37. e5 Rc5 38. Rg5 Rec7 39. Be4 Re7 40.
Bg6 Rec7 41. Rf2 Rc1+ 42. Kh2 Re1 43. Bf7+ Kf8 44. Rfg2 Rcc1 45. Rxg7 Rh1+ 46.
Kg3 Kxg7 47. Kf3+ Kh6 48. e7 Rc3+ 49. Kg4 1-0

[Event "42nd Olympiad 2016"]
[Site "Baku AZE"]
[Date "2016.09.10"]
[Round "8.85"]
[Board "4"]
[White "Mikheev, Stanislav"]
[Black "Sajjapornthep, Jarunpol"]
[Result "1-0"]
[WhiteTitle "IM"]
[WhiteElo "2283"]
[BlackElo "1909"]
[WhiteTeam "IPCA"]
[BlackTeam "Thailand"]
[WhiteFideId "4135920"]
[BlackFideId "6202101"]
[EventDate "2016.09.02"]

1. d4 g6 2. c4 Nf6 3. Nc3 Bg7 4. e4 d6 5. Nf3 O-O 6. h3 e5 7. d5 Na6 8. g4 Nc5
9. Qc2 a5 10. Be3 b6 11. Nd2 Bd7 12. O-O-O Qe8 13. Be2 Na6 14. g5 Nh5 15. Bxh5
gxh5 16. Nf3 b5 17. cxb5 Bxb5 18. Nxb5 Qxb5 19. a3 Rab8 20. Nh4 Rfc8 21. Nf5 Bf8
22. Rd3 c6 23. Rc3 c5 24. Re1 Rc7 25. Qe2 Rcb7 26. Qxb5 Rxb5 27. Re2 Nc7 28. Ng3
Na8 29. Nxh5 Nb6 30. Ng3 Kg7 31. f4 Na4 32. Rcc2 exf4 33. Bxf4 R8b6 34. Nf5+ Kg6
35. h4 Rb3 36. h5+ Kxh5 37. Rh2+ Kg6 38. Rcg2 c4 39. Be3 Rxe3 40. Nxe3 c3 41.
Nc4 Rb5 42. Rc2 cxb2+ 43. Nxb2 Nc5 44. Rce2 Rb3 45. Nc4 a4 46. Nxd6 Bg7 47. Nc4
Rc3+ 48. Rc2 Nb3+ 49. Kd1 Rg3 50. d6 Rg1+ 51. Ke2 Rxg5 52. Ke3 Bd4+ 53. Kf4 Nc5
54. e5 Rf5+ 55. Kg4 h5+ 56. Kh3 Rf3+ 57. Kg2 Rf5 58. Rh4 Bxe5 59. Nxe5+ Rxe5 60.
Rd4 Ne6 61. Rdd2 Re3 62. d7 Rxa3 63. Rc6 1-0

[Event "42nd Olympiad 2016"]
[Site "Baku AZE"]
[Date "2016.09.11"]
[Round "9.7"]
[Board "2"]
[White "Mchedlishvili, Mikheil"]
[Black "Berkes, Ferenc"]
[Result "1-0"]
[WhiteTitle "GM"]
[BlackTitle "GM"]
[WhiteElo "2609"]
[BlackElo "2640"]
[WhiteTeam "Georgia"]
[BlackTeam "Hungary"]
[WhiteFideId "13600966"]
[BlackFideId "718572"]
[EventDate "2016.09.02"]

1. c4 Nf6 2. Nc3 e6 3. d4 Bb4 4. e3 O-O 5. Ne2 c6 6. a3 Ba5 7. Qc2 d5 8. Ng3
Nbd7 9. Be2 dxc4 10. Bxc4 e5 11. O-O Bc7 12. Ba2 Re8 13. Rd1 exd4 14. Rxd4 Qe7
15. Nf5 Qe5 16. f4 Qc5 17. b4 Qf8 18. Bb2 Nb6 19. Re1 Bxf5 20. Qxf5 Rad8 21.
Rxd8 Bxd8 22. Qd3 c5 23. bxc5 Qxc5 24. Nb5 Be7 25. Rc1 Qh5 26. Bxf6 gxf6 27. Nd4
Rc8 28. Rxc8+ Nxc8 29. Nf5 Bf8 30. h3 Qg6 31. Qd7 Nb6 32. Qe8 1-0

[Event "42nd Olympiad 2016"]
[Site "Baku AZE"]
[Date "2016.09.11"]
[Round "9.28"]
[Board "2"]
[White "Rahman, Ziaur"]
[Black "Palac, Mladen"]
[Result "1-0"]
[WhiteTitle "GM"]
[BlackTitle "GM"]
[WhiteElo "2512"]
[BlackElo "2623"]
[WhiteTeam "Bangladesh"]
[BlackTeam "Croatia"]
[WhiteFideId "10200037"]
[BlackFideId "14500116"]
[EventDate "2016.09.02"]

1. d4 Nf6 2. Bg5 d5 3. e3 c5 4. Bxf6 gxf6 5. Nc3 e6 6. Bb5+ Bd7 7. Bxd7+ Nxd7 8.
Nf3 cxd4 9. Nxd4 Bb4 10. Ne2 O-O 11. O-O f5 12. Nb5 a6 13. Nbd4 Ne5 14. Nf4 Qf6
15. Nd3 Bd6 16. Nxe5 Bxe5 17. c3 Rac8 18. a4 f4 19. Qh5 Bxd4 20. exd4 Kh8 21. a5
Rg8 22. Kh1 Rg5 23. Qf3 Rcg8 24. g3 Rf5 25. g4 Rfg5 26. Rg1 h5 27. gxh5 Qh6 28.
Rxg5 Rxg5 29. Rg1 Rxh5 30. Rg2 Rh4 31. Qd1 Qh7 32. f3 Qh5 33. Qa4 1-0

[Event "42nd Olympiad 2016"]
[Site "Baku AZE"]
[Date "2016.09.11"]
[Round "9.30"]
[Board "3"]
[White "Tologontegin, Semetey"]
[Black "Franco Ocampos, Zenon"]
[Result "0-1"]
[WhiteTitle "IM"]
[BlackTitle "GM"]
[WhiteElo "2350"]
[BlackElo "2496"]
[WhiteTeam "Kyrgyzstan"]
[BlackTeam "Paraguay"]
[WhiteFideId "13800574"]
[BlackFideId "2209381"]
[EventDate "2016.09.02"]

1. d4 Nf6 2. c4 e6 3. Nc3 Bb4 4. e3 O-O 5. Ne2 d5 6. a3 Be7 7. cxd5 exd5 8. g3
Nbd7 9. Bg2 Nb6 10. O-O Re8 11. Qc2 c6 12. Bd2 Nc4 13. Rad1 Bf8 14. Bc1 Nd6 15.
f3 Bf5 16. Qb3 h5 17. Nf4 Qb6 18. Qa2 Bc2 19. Rde1 a5 20. Rf2 Bh7 21. Nh3 a4 22.
Ng5 Bg6 23. Rd1 Nf5 24. Re2 Qa7 25. Kh1 Rad8 26. Ree1 b5 27. Bd2 Nd6 28. Re2 Bd3
29. Rf2 Nf5 30. Re1 c5 31. dxc5 Bxc5 32. Nd1 d4 33. e4 Bc4 34. Qb1 d3 35. Rff1
Nd4 36. Ne3 Bb3 37. Rc1 Ne2 38. Rxc5 Qxc5 39. f4 Ng4 40. Nxg4 hxg4 41. e5 Bd5
42. Ne4 Qc6 43. Qxd3 Bxe4 44. Bxe4 Rxd3 45. Bxc6 Rc8 46. Bb7 Rb8 0-1

[Event "42nd Olympiad 2016"]
[Site "Baku AZE"]
[Date "2016.09.11"]
[Round "9.31"]
[Board "2"]
[White "Jessel, Stephen"]
[Black "Kulpruethanon, Thanadon"]
[Result "1-0"]
[WhiteTitle "FM"]
[BlackTitle "CM"]
[WhiteElo "2367"]
[BlackElo "2235"]
[WhiteTeam "Ireland"]
[BlackTeam "Thailand"]
[WhiteFideId "628859"]
[BlackFideId "6201610"]
[EventDate "2016.09.02"]

1. Nf3 d5 2. c4 c6 3. g3 Nf6 4. Bg2 e6 5. b3 Be7 6. O-O O-O 7. d4 Nbd7 8. Qc2 b6
9. Rd1 Bb7 10. Nc3 Ba6 11. e4 dxc4 12. Nd2 b5 13. bxc4 bxc4 14. Qa4 Qc8 15. Nxc4
Nb6 16. Nxb6 axb6 17. Qb3 Nd7 18. a4 Bb7 19. Bf4 Ra5 20. Rac1 Qa8 21. Bc7 Bd8
22. Bd6 Re8 23. e5 Be7 24. Bxe7 Rxe7 25. f4 h6 26. Rb1 Re8 27. Qc2 Qa7 28. Be4
Nf8 29. Qb2 Nd7 30. Qg2 Rc8 31. Kh1 Qa8 32. h4 Ra7 33. Rd2 Rc7 34. h5 Qf8 35.
Rb3 Ba6 36. Qf3 Bc4 37. Rbb2 Bd5 38. Kg2 Qa3 39. Bxd5 cxd5 40. Nb5 Qxa4 41. Qb3
Rc1 42. Nxa7 Qa1 43. Kh3 Rh1+ 44. Rh2 Qf1+ 45. Rg2 Nf8 46. Qb5 Qd1 47. Qe2 1-0